The Indian Parliament (Record no. 212777)

MARC details
000 -LEADER
fixed length control field 00610nam a22001817a 4500
005 - DATE AND TIME OF LATEST TRANSACTION
control field 20250801114433.0
010 ## - LCCN (DPL NO)
LC control number ENG-146307
020 ## - INTERNATIONAL STANDARD BOOK NUMBER
International Standard Book Number 9789349015401
Terms of availability 1195.00
035 ## - SYSTEM CONTROL NUMBER
System control number EN-129839
037 ## - SOURCE OF ACQUISITION
Source of stock number/acquisition DBAD
082 ## - DEWEY DECIMAL CLASSIFICATION NUMBER
Classification number 320.54
100 ## - MAIN ENTRY--PERSONAL NAME
Personal name Singh, Devender
245 ## - TITLE STATEMENT
Title The Indian Parliament
Statement of responsibility, etc Devender Singh
Remainder of title Samvidhan Sadan to Sansad Bhawan
260 ## - PUBLICATION, DISTRIBUTION, ETC. (IMPRINT)
Place of publication, distribution, etc Gurgaon, Haryana, India
Name of publisher, distributor, etc lexisnexis
Date of publication, distribution, etc 2025
270 ## - ADDRESS
Address 14th floor, building no 10, tower B, DLF Cyber City, Phase II, Gurgaon, Haryana, India
City Gurgaon
300 ## - PHYSICAL DESCRIPTION
Extent 468p.
Dimensions 25cm(pbk)
942 ## - ADDED ENTRY ELEMENTS (KOHA)
Source of classification or shelving scheme Dewey Decimal Classification
Item type English Books
Classification part 320.54
Call number suffix SIN
Holdings
Withdrawn status Lost status Not for loan Collection code Home library Current library Date acquired Source of acquisition Cost, normal purchase price Full call number Barcode Copy number Cost, replacement price Koha item type
    Not For Loan Non-fiction D.B.Act.Division D.B.Act.Division 01/08/2025 DBAD 1195.00 320.54 SIN EN-129839 1 1195.00 English Books

© Delhi Public Library
Hit Counter
free hit counter